00814nam a2200253 i 4500001000300000100002300003245007700026260004400103300002800147504001400175650002400189020002700213020002700240040000800267041000700275080001200282920002700294920002700321942000700348008004100355999001700396856009800413952004900511bg1 aKÉZDI, Árpád10aHandbook of soil mechanics. Vol.2, Soil testing /cby Árpád Kézdi. aBudapest :bAkadémiai Kiadó,c1980. a258 s. ;cil. +e30 cm. aBibliogr. 9aMechanika gruntów a963 05 0025 6 (Series) a963 05 1776 0 (Vol. 2) cBPK0 aen a624.131 a963 05 0025 6 (Series) a963 05 1776 0 (Vol. 2) cKS s pl f |000 0 pol  c43236d43236 uhttp://koha.tu.koszalin.pl/cgi-bin/koha/opac-detail.pl?biblionumber=43236yKatalog online BPK 00104070aBPKbBPKcwo68449p02014647yKS